| 000 | 01015nam a2200277Ia 4500 | ||
|---|---|---|---|
| 005 | 20250425161737.0 | ||
| 008 | 250425s9999 xx 000 0 und d | ||
| 020 | _a9701702107 | ||
| 041 | _aspa | ||
| 082 | _a621.382 | ||
| 100 | _aCOUCH, LEON W. | ||
| 245 | 0 | _aSISTEMAS DE COMUNICACION DIGITALES Y ANALOGICOS | |
| 250 | _a5A ED. | ||
| 260 | _aMEXICO | ||
| 260 |
_aMéxico _bPRENTICE HALL _c1998 |
||
| 300 | _a742 | ||
| 500 | _aTítulo Traducido: DIGITAL AND ANALOG COMMUNICATION SYSTEMS | ||
| 520 | _aEN ESTA NUEVA EDICION PROPORCIONA EL TRATAMIENTO MAS ACTUALIZADO DE LOS SISTEMAS DE COMUNICACION DIGITALES Y ANALOGICOS. LOS EJEMPLOS Y PROBLEMAS SON DISEÑADOS PARA HACER REFLEXIONAR Y ENTENDER LOS SISTEMAS DE COMUNICACION, MUCHOS DE ESTOS PROBLEMAS REQU | ||
| 650 | _aCOMUNICACIONES DIGITALES | ||
| 650 | _aSEÑALES ANALOGICAS Y DIGITALES | ||
| 650 | _aSISTEMAS DE COMUNICACION | ||
| 650 | _aTELECOMUNICACIONES | ||
| 700 |
_aRODOLFO NAVARRO _etraductor |
||
| 942 | _c01 | ||
| 010 | _a27106 | ||
| 999 |
_c215202 _d215202 |
||